[Event "Seville op 41st"]
[Site "Seville"]
[Date "2016.01.13"]
[Round "6"]
[White "Gavira Galocha, Antonio Jesus"]
[Black "Balbuena Fuentes, Mario"]
[Result "1-0"]
[WhiteElo "2007"]
[BlackElo "2268"]
[PlyCount "129"]
[EventDate "2016.01.08"]
[EventType "swiss"]
[EventRounds "9"]
[EventCountry "ESP"]
[SourceTitle "CBM 170 Extra"]
[Source "ChessBase"]
[SourceDate "2016.02.25"]
[SourceVersion "1"]
[SourceVersionDate "2016.02.25"]
[SourceQuality "1"]

1. d4 Nf6 2. Nf3 c5 3. c3 Qc7 4. g3 g6 5. Bg2 Bg7 6. 0-0 0-0 7. Nbd2 d6 8. Re1 Nc6 9. Nb3 cxd4 10. Nbxd4 Nxd4 11. Nxd4 Bd7 12. Qb3 Rab8 13. a4 Rfc8 14. h3 a6 15. Be3 d5 16. Nf3 e5 17. Bb6 Qd6 18. Red1 Bc6 19. Ng5 Qe7 20. Nf3 Re8 21. e3 Nd7 22. Rd2 Nxb6 23. Qxb6 Rbd8 24. a5 Rd6 25. Qb4 Red8 26. Rad1 Bf8 27. Qb3 Qf6 28. Nh2 Qe6 29. Nf3 Qe8 30. Ra1 Bg7 31. Qb4 Qd7 32. Rad1 Qc7 33. Qa3 R6d7 34. Qa1 Bb5 35. Kh2 Qc5 36. Kg1 h6 37. Kh2 Bc4 38. Qa4 Bb5 39. Qa1 f5 40. Nh4 Kh7 41. Nf3 Bf6 42. h4 Kg7 43. Kg1 Bc6 44. Qa2 g5 45. hxg5 hxg5 46. Ne1 d4 47. cxd4 exd4 48. Nd3 Qb5 49. exd4 Bxd4 50. Bf1 Rh8 51. Bg2 Bxg2 52. Kxg2 Qc6+ 53. f3 Qh6 54. Nf2 Rhd8 55. Rh1 Qc6 56. Qb1 Qe6 57. Re1 Qf6 58. Rde2 Bxf2 59. Kxf2 Rd2 60. Qc1 Qd4+ 61. Kg2 Qe3 62. Qc7+ Kh6 63. Qc4 Rxb2 64. Rxb2 Qxe1 65. Rb6+ 1-0

[Event "Seville op 41st"]
[Site "Seville"]
[Date "2016.01.11"]
[Round "4"]
[White "Degro, Heiko"]
[Black "Gavira Galocha, Antonio Jesus"]
[Result "1-0"]
[WhiteElo "2089"]
[BlackElo "2007"]
[PlyCount "46"]
[EventDate "2016.01.08"]
[EventType "swiss"]
[EventRounds "9"]
[EventCountry "ESP"]
[SourceTitle "CBM 170 Extra"]
[Source "ChessBase"]
[SourceDate "2016.02.25"]
[SourceVersion "1"]
[SourceVersionDate "2016.02.25"]
[SourceQuality "1"]

1. e4 e6 2. d4 d5 3. e5 c5 4. c3 Nc6 5. Nf3 Bd7 6. Be2 Qb6 7. 0-0 cxd4 8. cxd4 Nge7 9. Na3 Nf5 10. Nc2 h5 11. Rb1 a5 12. Bg5 Nb4 13. Nxb4 axb4 14. Ra1 Bb5 15. Re1 Bxe2 16. Rxe2 Be7 17. Bxe7 Nxe7 18. Re3 Nc6 19. Rd3 0-0 20. Ng5 g6 21. g4 hxg4 22. Qxg4 Kg7 23. Qh4 Rh8 1-0

[Event "Seville op 38th"]
[Site "Seville"]
[Date "2013.01.12"]
[Round "2"]
[White "Bruno, Fabio"]
[Black "Gavira Galocha, Antonio Jesus"]
[Result "1-0"]
[WhiteElo "2434"]
[BlackElo "2024"]
[PlyCount "72"]
[EventDate "2013.01.11"]
[EventType "swiss"]
[EventRounds "9"]
[EventCountry "ESP"]
[SourceTitle "CBM 152 Extra"]
[Source "ChessBase"]
[SourceDate "2013.02.25"]
[SourceVersion "1"]
[SourceVersionDate "2013.02.25"]
[SourceQuality "1"]

1. d4 d5 2. Nf3 Nf6 3. c4 e6 4. Nc3 c6 5. e3 Nbd7 6. Qc2 Bd6 7. Be2 a6 8. 0-0 0-0 9. e4 dxe4 10. Nxe4 Nxe4 11. Qxe4 Re8 12. Bd3 Nf8 13. c5 Bb8 14. Re1 Qd5 15. Qh4 f6 16. Be4 Qd8 17. Qh5 Re7 18. Bc2 Bd7 19. Bb3 Be8 20. Qg4 Kh8 21. Bf4 Bf7 22. Rad1 Qe8 23. Bxb8 Rxb8 24. Qf4 Rd8 25. h3 Bh5 26. g4 Bf7 27. Qg3 Ng6 28. h4 e5 29. Bxf7 Qxf7 30. dxe5 Rxd1 31. Rxd1 fxe5 32. h5 Nf4 33. Rd8+ Re8 34. Nxe5 Ne2+ 35. Kh2 Qf8 36. Rxe8 Qxe8 1-0

[Event "Seville op 34th"]
[Site "Seville"]
[Date "2009.01.26"]
[Round "4"]
[White "Rizouk, Aimen"]
[Black "Gavira Galocha, Antonio Jesus"]
[Result "1-0"]
[WhiteElo "2518"]
[BlackElo "2046"]
[PlyCount "47"]
[EventDate "2009.01.23"]
[EventType "swiss"]
[EventRounds "9"]
[EventCountry "ESP"]
[SourceTitle "CBM 128 Extra"]
[Source "ChessBase"]
[SourceDate "2009.03.05"]
[SourceVersion "2"]
[SourceVersionDate "2009.03.25"]
[SourceQuality "1"]

1. e4 e6 2. d4 d5 3. Nd2 dxe4 4. Nxe4 Nd7 5. Bd3 Ngf6 6. Nf3 Be7 7. Qe2 c5 8. Nxf6+ Nxf6 9. dxc5 Bxc5 10. 0-0 0-0 11. Bg5 Be7 12. Rad1 Qb6 13. c3 Qa5 14. Bb1 Rd8 15. Ne5 Qc7 16. Rxd8+ Qxd8 17. Rd1 Qc7 18. Qd3 g6 19. Qd4 Nd5 20. Bxe7 Qxe7 21. c4 Nb6 22. Ng4 Nd7 23. Nh6+ Kf8 24. Qh8# 1-0